| 000 | 00444nam a2200169Ia 4500 | ||
|---|---|---|---|
| 001 | 58891 | ||
| 008 | 140507s9999 xx 000 0 und d | ||
| 020 | _a9789380386904 | ||
| 040 | _cPK-LaUMT | ||
| 082 |
_a 004.66 _bSUB-S |
||
| 100 | _aSubramanyam, M. V. | ||
| 245 |
_aSwitching theory and logic design _cSubramanyam, M. V. |
||
| 260 |
_aNew Delhi,India: _bUniversity Science Press, _c2013 |
||
| 300 | _a783 p. | ||
| 546 | _aEN | ||
| 942 | _cBK | ||
| 999 |
_c56148 _d56148 |
||